01012 2200229 4500001002100000005001500021035002000036245011700056100002700173300003900200856000900239260002900248082001000277084001600287020001800303600001800321520039100339990001300730990001300743990001300756990001300769INLIS00000000000348820240521032036 a0010-05240000691 aSerba Serbi kesehatan gigi & Mulut :bSemua yang perlu kamu ahu tentang gigi dan mulut /cArdyan Gilang Ramadhan0 aArdyan gilang Ramadhan ax+186 hlm :bilustrasi ;c23x15 cm aUmum aJakarta :bBukune,c2010 a611.3 a611.3 ARD s a602-8066-77-x 4aIlimu Terapan aKesehatan gigi dan mulut bukan hanya seputar napas wangi dan gigi putih berkilat,kesehatan organ ini ternyata bisa memengaruhi kondisi organ tubuh kita yang lain dapatkan beragam Informasi lengkap seputar gigi dan mulut dibuku serba-serbi kesehatan gigi dan mulut.beberapa hal yang dibahas buku ini: pola makan sehat merawat gigi sensiti,gigi berlubang,dan gigi retak mencegah bau mulut aT2010446 aT2010447 aT2010448 aT2010449